लोड हो रहा है...
CLASHES AMONG PAST, PRESENT AND FUTURE IN CONTEMPORARY AFGHAN VISUAL STORIES
| मुख्य लेखक: | |
|---|---|
| स्वरूप: | Journal Article |
| प्रकाशित: |
Loyola Journal of Social Sciences
2011
|
| LEADER | 00400nam a22001097a 4500 | ||
|---|---|---|---|
| 100 | |a MATTEO VERGANI |9 35097 | ||
| 245 | |a CLASHES AMONG PAST, PRESENT AND FUTURE IN CONTEMPORARY AFGHAN VISUAL STORIES | ||
| 260 | |b Loyola Journal of Social Sciences |c 2011 | ||
| 300 | |a P.115-140 |b July-December 2011 | ||
| 942 | |c JA | ||
| 999 | |c 86656 |d 86656 | ||
| 952 | |0 0 |1 0 |4 0 |7 0 |9 78995 |a MGUL |b MGUL |c JA |d 2016-06-23 |l 0 |r 2016-06-23 |w 2016-06-23 |y JA | ||